000 00766nam a2200241Ia 4500
003 OSt
005 20220923220226.0
006 a|||||r|||| 00| 0
007 ta
008 220922b |||||||| |||| 00| 0 hin d
024 _a185,243
037 _cTextual
040 _aARTS
_cARTS
_bhin
041 _2hin
_ahin
082 _aO44:g, 152K0
245 0 _aपंचदश लोक भाषा निबंधावली
246 _aPanchadash lok bhāṣhā nibandhāvalī
260 _aपटना
_b बिहार राष्ट्रभाषा परिषद्
_c1960
300 _a304 पृ.
_ccm.
650 _aहिन्दी साहित्य
_9156264
942 _hO44:g, 152K0
_cTEXL
_2CC
999 _c338489
_d338489